000 00548 a2200169 4500
999 _c5792
_d5792
020 _a9789251065426
050 _aSF55HEA2012
245 _aHealth and animal agriculture in developing counties /
_cedited by Health Zilberman,Joachim Otte,David Roland and Dirk Pfeiffer
264 _aNew Delhi:
_bSpringer,
_c2012
300 _a420p. :
500 _aincludes index
650 _aHealth and animal agriculture
700 _aOtte Joachim
_eeditor
700 _aRoland-Holst
_eeditor
700 _aPfeiffer Dirk
_eeditor
942 _2lcc
_cBK
_h55
_iHEA
_kSF